NPB 日本プロ野球 12球団最後の最高出塁率選手 - Statistics

General Stats
  • This quiz has been taken 337 times
  • The average score is 6 of 12
Answer Stats
球団名 選手名(獲得年) 記録 % Correct
北海道日本ハムファイターズ 近藤健介(2020) .465
84%
福岡ソフトバンクホークス 近藤健介(2024) .439
84%
阪神タイガース 大山悠輔(2023) .403
67%
読売ジャイアンツ 坂本勇人(2016) .433
64%
広島東洋カープ 鈴木誠也(2021) .433
61%
オリックス・バファローズ 吉田正尚(2022) .447
58%
東京ヤクルトスワローズ サンタナ(2024) .399
57%
東北楽天ゴールデンイーグルス なし -
44%
千葉ロッテマリーンズ 落合博満(1986) .487
42%
横浜DeNAベイスターズ 内川聖一(2008) .416
29%
中日ドラゴンズ 和田一浩(2010) .437
27%
埼玉西武ライオンズ ヘルマン(2013) .418
11%
No matching quizzes found
Score Distribution
Percent of People with Each Score
Percentile by Number Answered
Your Score History
You have not taken this quiz